000 00805nam a22002417a 4500
999 _c15135
_d15135
003 AR-CdUCM
008 190425b ||||| |||| 00| 0 spa d
020 _a978-9974-728-55-4
040 _aMUNICIPALIDAD PROVINCIAL DEL CUSCO
_cBIBLIOTECA MUNICIPAL DEL CUSCO
041 _hspa
082 _aEP / 376.1 /
_bL28
110 _aLatinbooks international
_932792
245 _aDragones Legendarios :
_bMi bestiario /
260 _aChina :
_bLatinbooks International,
_c2015.
300 _bIlustraciones, graficos, dibujos, Figuras armables y despegables
_c24 cm.
500 _aTextos y juegos didacticos para niƱos
650 _aTexto armables
_934153
650 _aCuentos
_951603
650 _aHistorias
_92725
856 _fwww.latinbooksint,com
942 _2ddc
_cLIBROS
945 _apjha
_d2019-04-25